Detalles MARC
| 000 -CABECERA |
| campo de control de longitud fija |
01479nam a2200277 i 4500 |
| 003 - IDENTIFICADOR DEL NÚMERO DE CONTROL |
| campo de control |
DO-SdBNP |
| 005 - FECHA Y HORA DE LA ÚLTIMA TRANSACCIÓN |
| campo de control |
20230502155018.0 |
| 007 - CAMPO FIJO DE DESCRIPCIÓN FÍSICA--INFORMACIÓN GENERAL |
| campo de control de longitud fija |
ta |
| 008 - DATOS DE LONGITUD FIJA--INFORMACIÓN GENERAL |
| campo de control de longitud fija |
210421e2020 dr ad||gr||||o001 0 spa d |
| 020 ## - NÚMERO INTERNACIONAL ESTÁNDAR DEL LIBRO |
| Número Internacional Estándar del Libro |
9789945621426 |
| 040 ## - FUENTE DE LA CATALOGACIÓN |
| Centro catalogador/agencia de origen |
DO-SdBNP |
| Lengua de catalogación |
spa |
| Centro/agencia transcriptor |
BNPHU |
| Normas de descripción |
rda |
| 041 ## - CÓDIGO DE LENGUA |
| Código de lengua original |
spa |
| 082 #4 - NÚMERO DE LA CLASIFICACIÓN DECIMAL DEWEY |
| Número de documento/Ítem |
R426g |
| Número de edición |
22 |
| 110 1# - ENTRADA PRINCIPAL--NOMBRE DE ENTIDAD CORPORATIVA |
| Nombre de entidad corporativa o nombre de jurisdicción como elemento de entrada |
República Dominicana : |
| Unidad subordinada |
Salud Pública |
| 9 (RLIN) |
78468 |
| 245 10 - MENCIÓN DE TÍTULO |
| Título |
Guía nacional de atención a la población adulta con VIH sida / |
| Mención de responsabilidad, etc. |
Ministerio de Salud Pública y Asistencia Social (MISPAS) |
| 264 ## - PRODUCCIÓN, PUBLICACIÓN, DISTRIBUCIÓN, FABRICACIÓN Y COPYRIGHT |
| Producción, publicación, distribución, fabricación y copyright |
Santo Domingo : |
| Nombre del de productor, editor, distribuidor, fabricante |
MIPAS, |
| Fecha de producción, publicación, distribución, fabricación o copyright |
2020. |
| 300 ## - DESCRIPCIÓN FÍSICA |
| Extensión |
75 páginas ; |
| Dimensiones |
25 cm. |
| 336 ## - TIPO DE CONTENIDO |
| Fuente |
rdacontent |
| Término de tipo de contenido |
texto |
| Código de tipo de contenido |
txt |
| 337 ## - TIPO DE MEDIO |
| Fuente |
rdamedia |
| Nombre/término del tipo de medio |
sin mediación |
| Código del tipo de medio |
n |
| 338 ## - TIPO DE SOPORTE |
| Fuente |
rdacarrier |
| Nombre/término del tipo de soporte |
volumen |
| Código del tipo de soporte |
nc |
| 500 ## - NOTA GENERAL |
| Nota general |
Incluye glosario de términos.-- Abreviaturas |
| 504 ## - NOTA DE BIBLIOGRAFÍA, ETC. |
| Nota de bibliografía, etc. |
Bibliográfia : p. 70-75 |
| 505 ## - NOTA DE CONTENIDO CON FORMATO |
| Nota de contenido con formato |
Introducción.-- |
| Título |
1.- Objetivos.-- |
| -- |
2.- Alcance.-- |
| -- |
3.- Usuarios de esta guía.-- |
| -- |
4.- Población Diana.-- |
| -- |
5.- Metodología.-- |
| -- |
6.- Recomendaciones a seguir para la atención a personas adultas viviendo con VIH |
| -- |
7.-Inicio de tratamiento antirretroviral.- |
| -- |
8.- Buenas prácticas para el inicio del TARV.- |
| -- |
9.- ¿Con quién iniciar?.- |
| -- |
10.- Manejo del fallo terapéutico.- |
| -- |
11.- Efectos adversos y terapia antirretroviral.- |
| -- |
12.- Adherencia al tratamiento.- |
| -- |
13.- Infecciones oportunas.- |
| -- |
14.- Uso de antirretrovirales para la prevención del VIH |
| -- |
Vacunas y VIH.- |
| -- |
Referencias bibliográficas. |
| 590 ## - NOTA LOCAL (RLIN) |
| Nota local |
Inventariado, 2023/BT |
| 942 ## - ELEMENTOS DE PUNTO DE ACCESO ADICIONAL (KOHA) |
| Fuente del sistema de clasificación o colocación |
Dewey Decimal Classification |
| Tipo de ítem Koha |
Libro |